000 00799nam a22003010a 4500
001 PT51648
003 AR-LpoUNG
005 20210131231435.0
008 191001s2010||||sp |||||||||||||||||spa d
020 _a9788484640424
_c$9,50
040 _aAR-LpoUNG
_bspa
_cAR-LpoUNG
_eaacr
041 _aspa
044 _asp
082 0 _a808.068 3 191tio
100 1 _aBallesteros, Xosé
_eadap.
245 1 0 _aTío Lobo
250 _a2ª ed.
260 _aPontevedra :
_bKalandraka,
_cenero 2010.
300 _a[36] p. :
_bil.
505 0 _aSugerido a partir de 6 años (etiqueta AMARILLA)
650 4 _aCUENTOS
650 4 _aLITERATURA
651 4 _aDOCUMENTOS TEORICOS O METODOLOGICOS
653 _aLITERATURA INFANTIL
700 1 _aOlmos, Roger
_eil.
905 _a51648
942 _cLIB
999 _c10049
_d10049